Agrárne služby ako špecifická súčasť pôdohospodárskeho rezortu

Vymedzenie agrárnych služieb v pôdohospodárskom rezorte, priebeh ich transformácie, vývoj počtu subjektov poľnohospodárskych služieb a dosiahnuté ekonomické výsledky v rokoch 1994-2000. V práci sa hodnotia aj agrárne poradenské služby, ktoré sú významnou súčasťou podnikania v agropotravinárskom komp...

Descrizione completa

Salvato in:
Dettagli Bibliografici
Autore principale: Zoborský, Ivan Mojmír
Natura: Capitolo di libro
Lingua:slovacco
Soggetti:
Tags: Aggiungi Tag
Nessun Tag, puoi essere il primo ad aggiungerne!!

MARC

LEADER 00000naa a2200000 4500
001 r048030
005 20231004074357.9
041 0 |a slo 
044 |a SK 
245 1 0 |a Agrárne služby ako špecifická súčasť pôdohospodárskeho rezortu  |c Ivan Mojmír Zoborský 
520 |a Vymedzenie agrárnych služieb v pôdohospodárskom rezorte, priebeh ich transformácie, vývoj počtu subjektov poľnohospodárskych služieb a dosiahnuté ekonomické výsledky v rokoch 1994-2000. V práci sa hodnotia aj agrárne poradenské služby, ktoré sú významnou súčasťou podnikania v agropotravinárskom komplexe na Slovensku. 
610 2 0 |a služby poľnohospodárske 
610 2 0 |a pôdohospodárstvo 
610 2 0 |a vývoj 
610 2 0 |a ukazovatele ekonomické 
610 2 0 |a poradenstvo 
610 2 0 |a Slovensko 
100 1 |a Zoborský, Ivan Mojmír